[Event "Challenge"]
[Site "http://www.queenalice.com/game.php?id=422181"]
[Date "2008.6.23"]
[Round "-"]
[White "ane"]
[Black "Andre2000"]
[Result "0-1"]
[WhiteElo "1399"]
[BlackElo "1485"]

1. e4 e5 2. Nf3 d6 3. Nc3 c6 4. Bc4 Qf6 5. O-O Qg6 6. d3 h5 7. Bg5 h4 8. b4 b5
9. Bb3 h3 10. g3 Bg4 11. Re1 Be7 12. Be3 Rh5 13. Nh4 Bxh4 14. gxh4 Bxd1+ 15. Kf1
Qg2# 0-1

[Event "AUTO-INT-975"]
[Site "http://www.queenalice.com/game.php?id=436641"]
[Date "2008.7.21"]
[Round "1"]
[White "chesplayer"]
[Black "Andre2000"]
[Result "1-0"]
[WhiteElo "1677"]
[BlackElo "1459"]

1. e4 e5 2. Nf3 Qf6 3. d4 exd4 4. Qxd4 c5 5. Qe5+ Qe7 6. Qxe7+ Bxe7 7. Bc4 d6 8.
Bg5 h6 9. Bxe7 Nxe7 10. Nc3 a6 11. O-O-O b5 12. Bd5 Ra7 13. e5 dxe5 14. Nxe5 Be6
15. Bxe6 fxe6 16. Ne4 O-O 17. Nxc5 Rxf2 18. Rd8+ Rf8 19. Rxf8+ Kxf8 20. Nxe6+
Kg8 21. Rf1 Nd7 22. Nxd7 Rxd7 23. Rf8+ Kh7 24. Rf7 a5 25. Rxg7+ Kh8 26. Rf7 Kg8
27. Rf6 h5 28. Rh6 Rd5 29. Nc7 Rc5 30. Ne6 Rf5 31. Nd4 Rg5 32. g3 b4 33. Ne6 Rg6
34. Rxg6+ Nxg6 35. c3 bxc3 36. bxc3 Ne5 37. Ng5 Nd3+ 38. Kc2 Ne5 39. Kb3 Nd3 40.
c4 Kg7 41. Ka4 Kg6 42. h4 Nb2+ 43. Kb5 Kf5 44. c5 Nd3 45. c6 Kg4 46. c7 Kxg3 47.
c8=Q Nf4 48. Qf8 Ng6 49. Qg7 Nxh4 50. Ne4+ Kf4 51. Qg3+ Kxe4 52. Qxh4+ Kd3 53.
Qxh5 a4 54. Qd5+ Kc3 55. Qc4+ Kb2 56. Qxa4 Ka1 57. Kc4 Kb2 58. Qb3+ Ka1 59. Qd1+
Kxa2 60. Qa4+ Kb2 61. Kd3 Kb1 62. Kc3 Kc1 63. Qa1# 1-0

[Event "AUTO-INT-975"]
[Site "http://www.queenalice.com/game.php?id=436642"]
[Date "2008.7.21"]
[Round "1"]
[White "Andre2000"]
[Black "chesplayer"]
[Result "1/2-1/2"]
[WhiteElo "1452"]
[BlackElo "1709"]

1. e4 e5 2. Qf3 Nf6 3. b3 Nc6 4. Bb5 Nd4 5. Qd3 Bc5 6. Qg3 Nxc2+ 7. Kd1 Nxe4 8.
Qxe5+ Qe7 9. Qxe7+ Bxe7 10. Kxc2 Nxf2 11. Nc3 Nxh1 12. Nd5 Bg5 13. Nxc7+ Kd8 14.
Nxa8 d5 15. Bb2 f6 16. Ne2 Nf2 17. Bd4 Bf5+ 18. Kc1 Ne4 19. Be3 Bxe3 20. dxe3
Kc8 21. Kb2 Kb8 22. Nd4 Bg6 23. Rc1 Kxa8 24. Rc7 a6 25. Bd7 Rd8 26. Bc8 Nd6 27.
Ne6 Rxc8 28. g4 Be4 29. Rd7 Rc2+ 30. Ka3 Nb5+ 31. Kb4 g5 32. a4 Na7 33. Nc7+ Kb8
34. Ne6 Nc6+ 35. Ka3 Ne5 36. Rd8+ Rc8 37. b4 Rxd8 38. Nxd8 Nxg4 39. Ne6 Nxe3 40.
b5 a5 41. b6 Nc4+ 42. Kb3 Nxb6 43. h3 h5 44. Nd4 g4 45. h4 g3 46. Ne2 g2 47. Kc3
Nc4 48. Ng1 Ne5 49. Ne2 Nf3 50. Kb2 Bd3 51. Nf4 Bf1 52. Nxg2 Bxg2 53. Kc3 d4+
54. Kd3 Kc7 55. Ke2 Nxh4 56. Kd3 Nf3 57. Ke2 h4 58. Kf2 h3 59. Kg3 d3 60. Kf2 d2
61. Ke2 h2 62. Kd3 d1=Q+ 63. Ke3 Qd4+ 64. Ke2 h1=Q 1/2-1/2

[Event "AUTO-INT-975"]
[Site "http://www.queenalice.com/game.php?id=436657"]
[Date "2008.7.21"]
[Round "1"]
[White "gasparzinho"]
[Black "Andre2000"]
[Result "1-0"]
[WhiteElo "1517"]
[BlackElo "1463"]

1. e4 e5 2. Qf3 a6 3. Bc4 Nf6 4. d4 b5 5. Bd5 c6 6. Bb3 Qe7 7. Bg5 Qb4+ 8. c3
Qd6 9. Bxf6 gxf6 10. dxe5 Qxe5 11. Qh5 Qxh5 12. Nf3 Rg8 13. Nbd2 d6 14. e5 fxe5
15. Ne4 Rxg2 16. Nf6+ Ke7 17. Nxh5 Bg4 18. Ng5 Bxh5 19. Bd1 Nd7 20. Ne4 Bxd1 21.
Kxd1 d5 22. Nd2 Rxf2 23. Kc2 Bh6 24. Rad1 Nb6 25. b3 Bxd2 26. Rxd2 Rf4 27. Re1
e4 28. c4 dxc4 29. b4 Na4 30. Red1 c3 31. Rd7+ Ke8 32. Kb3 Rf3 33. Kc2 1-0

[Event "AUTO-INT-975"]
[Site "http://www.queenalice.com/game.php?id=436658"]
[Date "2008.7.21"]
[Round "1"]
[White "Andre2000"]
[Black "gasparzinho"]
[Result "0-1"]
[WhiteElo "1498"]
[BlackElo "1448"]

1. e4 e5 2. Qf3 Nc6 3. Bc4 Nf6 4. d3 Nd4 5. Qe3 Nxc2+ 6. Kd2 Nxe3 7. fxe3 Ng4 8.
h3 Qh4 9. Nf3 Bb4+ 10. Ke2 Qf2+ 11. Kd1 Qxg2 12. Rg1 Qxf3+ 13. Kc2 Qf2+ 14. Kd1
Qxg1+ 15. Kc2 Nf2 16. a3 Qd1# 0-1

[Event "AUTO-INT-975"]
[Site "http://www.queenalice.com/game.php?id=436669"]
[Date "2008.7.21"]
[Round "1"]
[White "Andre2000"]
[Black "plano99"]
[Result "1-0"]
[WhiteElo "1453"]
[BlackElo "1496"]

1. e4 e5 2. Qh5 Qe7 3. d4 exd4 4. Bc4 g6 5. Qd5 Nc6 6. Na3 Nf6 7. Qxf7+ Qxf7 8.
Bxf7+ Kxf7 9. f3 Nh5 10. Nb5 Nf4 11. Bxf4 d6 12. Nxc7 Rb8 13. Nb5 Nb4 14. Kf2
Nxc2 15. Rc1 d3 16. Na3 Nxa3 17. bxa3 Be6 18. g4 Bxa2 19. Nh3 Bg7 20. Rc7+ Ke6
21. Rxg7 Bb3 22. Rc1 h6 23. Rcc7 Rhg8 24. Rge7+ Kf6 25. e5+ dxe5 26. Bxe5# 1-0

[Event "AUTO-INT-975"]
[Site "http://www.queenalice.com/game.php?id=436670"]
[Date "2008.7.21"]
[Round "1"]
[White "plano99"]
[Black "Andre2000"]
[Result "0-1"]
[WhiteElo "1505"]
[BlackElo "1462"]

1. Nf3 b5 2. e4 a6 3. d4 h6 4. Bf4 g5 5. Bd2 Nf6 6. Be2 Nxe4 7. Nc3 d5 8. Ne5
Qd6 9. Bh5 Qf6 10. Bxf7+ Kd8 11. Nxd5 Qxf2# 0-1

[Event "Challenge"]
[Site "http://www.queenalice.com/game.php?id=438753"]
[Date "2008.7.25"]
[Round "-"]
[White "Andre2000"]
[Black "edsonholanda"]
[Result "1-0"]
[WhiteElo "1449"]
[BlackElo "1685"]

1. e4 e5 2. Qf3 Nf6 3. c3 Nc6 4. a3 Bd6 5. d4 exd4 6. Bg5 h6 7. Bd2 O-O 8. Bd3
Ne5 9. Qe2 b6 10. f4 Nxd3+ 11. Qxd3 dxc3 12. Nxc3 Ng4 13. h3 Nf6 14. e5 Re8 15.
O-O-O Bxe5 16. fxe5 Rxe5 17. Nf3 Re8 18. Nd4 c5 19. Nf5 g6 20. Nxh6+ Kf8 21. Bg5
Re5 22. Bf4 Re6 23. Nb5 Ba6 24. Bc7 Qc8 25. Bd6+ Ke8 26. Nc7+ Kd8 27. Nxf7# 1-0

[Event "Challenge"]
[Site "http://www.queenalice.com/game.php?id=456805"]
[Date "2008.9.1"]
[Round "-"]
[White "Andre2000"]
[Black "rdaigle2003"]
[Result "0-1"]
[WhiteElo "1469"]
[BlackElo "1667"]

1. d4 Nf6 2. Bg5 h6 3. Bxf6 exf6 4. e4 Qe7 5. Bd3 Nc6 6. c3 d6 7. Qa4 Bd7 8. Bb5
a6 9. d5 Qd8 10. dxc6 axb5 11. Qxb5 Bxc6 12. Qe2 Qe7 13. f3 O-O-O 14. Na3 d5 15.
Rd1 Qe5 16. Nh3 Bxa3 17. f4 Qd6 18. bxa3 Qxa3 19. Rb1 Qxc3+ 20. Kf1 dxe4 21. Rd1
Rxd1+ 22. Qxd1 Bb5+ 23. Kg1 Qe3+ 24. Nf2 Rd8 25. Qb1 Rd2 26. Qxb5 Qxf2# 0-1

[Event "Nova Revanche"]
[Site "http://www.queenalice.com/game.php?id=470802"]
[Date "2008.9.30"]
[Round "-"]
[White "Luke1416"]
[Black "Andre2000"]
[Result "0-1"]
[WhiteElo "1586"]
[BlackElo "1471"]

1. e4 e5 2. Nf3 Qf6 3. a3 d5 4. d3 Bg4 5. Be2 h6 6. exd5 c6 7. dxc6 Nxc6 8. h3
Bxf3 9. Bxf3 Bc5 10. b4 Bd4 11. c3 Bb6 12. O-O Nge7 13. Bxc6+ bxc6 14. Nd2 O-O
15. c4 c5 16. bxc5 Bxc5 17. Nf3 g5 18. Bb2 Bd6 19. Re1 Nc6 20. d4 g4 21. hxg4
Rad8 22. d5 Bc7 23. Qa4 Nd4 24. Bxd4 exd4 25. Qxa7 Rd7 26. Qxd4 Qd6 27. Red1 f5
28. gxf5 Bb6 29. Qc3 Rxf5 30. g4 Qg6 31. Nh2 Bxf2+ 32. Kg2 Rf4 33. Ra2 Qe4+ 34.
Kh3 h5 35. Rf1 hxg4+ 36. Nxg4 Rh7+ 37. Nh6+ Rxh6# 0-1

[Event "Challenge"]
[Site "http://www.queenalice.com/game.php?id=478161"]
[Date "2008.10.16"]
[Round "-"]
[White "Andre2000"]
[Black "edsonholanda"]
[Result "1-0"]
[WhiteElo "1490"]
[BlackElo "1707"]

1. e4 e5 2. Qh5 Nc6 3. Bc4 g6 4. Qf3 Qe7 5. c3 d6 6. d3 Be6 7. b3 Nf6 8. Bg5 Bg7
9. Na3 O-O-O 10. h3 Bxc4 11. bxc4 h6 12. Be3 Nd7 13. Rb1 b6 14. Ne2 Nf6 15. g4
h5 16. Bg5 hxg4 17. hxg4 Rxh1+ 18. Qxh1 Rh8 19. Qg2 Bh6 20. Bxh6 Rxh6 21. Kd2
Rh4 22. f3 d5 23. Nc2 dxe4 24. dxe4 Qd8+ 25. Ke1 Qd3 26. Rc1 Qxc4 27. a3 g5 28.
Ne3 Qa4 29. Nc2 Nd7 30. Kd2 Nc5 31. Rb1 Nb3+ 32. Kd1 Nbd4 33. cxd4 Nxd4 34. Nxd4
c5 35. Nf5 Rh8 36. Qd2 Rd8 37. Ne7+ Kc7 38. Nd5+ Kd6 39. Nxb6+ Kc7 40. Nd5+ Kc6
41. Rc1 c4 42. Ke1 Rh8 43. Ncb4+ Kb7 44. Qg2 Qxa3 45. Kd1 a5 46. Nc2 Qd3+ 47.
Ke1 a4 48. Rb1+ Kc6 49. Ncb4+ Kd6 50. Nxd3 cxd3 51. Rb6+ Kc5 52. Qb2 Rh1+ 53.
Kf2 Rh2+ 54. Ke1 Rxb2 55. Rxb2 Kd4 56. Rb4+ Kc5 57. Rxa4 Kb5 58. Nc3+ Kc5 59.
Kd2 f6 60. Kxd3 Kd6 61. Ra5 Ke6 62. Rd5 Kf7 63. Rd6 Kg6 64. Nd5 Kf7 65. Rxf6+
Kg7 66. Rf5 Kg6 67. Rxe5 Kh6 68. Nf6 Kg7 69. Nh5+ Kg6 70. Re6+ Kf7 71. Re5 Kg6
72. Kd4 Kh6 73. Rf5 Kg6 74. Ke5 Kh6 75. Ke6 Kg6 76. Rf6+ Kh7 77. Kf7 1-0

[Event "rafajeff"]
[Site "http://www.queenalice.com/game.php?id=482028"]
[Date "2008.10.24"]
[Round "3"]
[White "JCOELHO"]
[Black "Andre2000"]
[Result "1-0"]
[WhiteElo "1830"]
[BlackElo "1492"]

1. e4 e5 2. Nf3 d6 3. Nc3 c6 4. d4 Bg4 5. dxe5 h6 6. Be2 g5 7. O-O b5 8. a4 b4
9. Na2 a5 10. h3 Bxf3 11. Bxf3 Na6 12. exd6 Qd7 13. e5 Nc5 14. Re1 Rh7 15. c3
Rb8 16. cxb4 axb4 17. Be3 Nb3 18. Qxb3 Qf5 19. Bxc6+ Kd8 20. Ba7 Rc8 21. Be4 Qe6
22. Qxb4 Qd7 23. Bxh7 Ne7 24. Qb6+ Ke8 25. Red1 Nc6 26. g4 Bg7 27. Bf5 Qxa7 28.
d7+ Ke7 29. dxc8=Q Qxb6 30. Rd7# 1-0

[Event "Novo Desafio"]
[Site "http://www.queenalice.com/game.php?id=502964"]
[Date "2008.12.4"]
[Round "-"]
[White "Luke1416"]
[Black "Andre2000"]
[Result "1/2-1/2"]
[WhiteElo "1532"]
[BlackElo "1502"]

1. e4 e5 2. Nf3 d6 3. h3 g5 4. d3 h6 5. Nc3 Bg7 6. Be2 g4 7. hxg4 Bxg4 8. Nd5
Bxf3 9. Bxf3 Ne7 10. Nxe7 Qxe7 11. a3 Nc6 12. c3 Rd8 13. b4 a6 14. Be3 d5 15.
exd5 Nb8 16. c4 b5 17. Ra2 Kf8 18. cxb5 axb5 19. Bc5 Rd6 20. Bxd6 Qxd6 21. Qd2
Ke7 22. Rh4 Qf6 23. Rh3 Kd6 24. a4 e4 25. dxe4 Re8 26. axb5 Qc3 27. Rc2 Qxd2+
28. Kxd2 Nd7 29. g4 f6 30. Be2 Rxe4 31. Rc4 Re5 32. Rd3 Nb6 33. Rc6+ Kd7 34. Rd4
Nxd5 35. Bc4 Bf8 36. Bxd5 f5 37. Be4+ Bd6 38. Bxf5+ Ke7 39. Re4 Kf6 40. Rxe5
Kxe5 41. b6 Bxb4+ 42. Ke3 cxb6 43. Rxb6 Bc5+ 44. Ke2 Bxb6 45. f3 Kf4 46. Bg6 Bc7
47. Kf2 Bb6+ 48. Kg2 Be3 49. Be8 Ke5 1/2-1/2

[Event "Challenge"]
[Site "http://www.queenalice.com/game.php?id=560283"]
[Date "2009.3.23"]
[Round "-"]
[White "Andre2000"]
[Black "allvaro"]
[Result "0-1"]
[WhiteElo "1466"]
[BlackElo "1614"]

1. d4 d5 2. c3 Qd6 3. Qa4+ Bd7 4. Qb3 b6 5. Nf3 a5 6. a4 f6 7. e3 Nh6 8. Bb5 c6
9. Bd3 b5 10. axb5 e6 11. b6 a4 12. Rxa4 Rxa4 13. Qxa4 c5 14. Qa3 cxd4 15. Qa7
Be7 16. cxd4 O-O 17. b3 Nc6 18. Qa6 Nb4 19. Qa3 Ng4 20. h3 Nh6 21. O-O Nxd3 22.
Qa7 Rb8 23. b7 Bd8 24. Bd2 Bb6 25. Qa6 Nf5 26. Qxd3 Bc7 27. Rc1 Rxb7 28. Rc5 Nh4
29. Nxh4 Qh2+ 30. Kf1 g5 31. Nf3 Qd6 32. g3 e5 33. Qc2 Bb5+ 34. Ke1 exd4 35.
exd4 Qe7+ 36. Kd1 Be2+ 37. Kc1 Bxf3 38. Rxd5 Bxd5 39. Qf5 Kg7 40. Nc3 Qa3+ 41.
Kc2 Qxb3+ 42. Kd3 Ba5 43. Bxg5 Qxc3+ 44. Ke2 Re7+ 45. Be3 Qe1+ 46. Kd3 Qb1+ 47.
Ke2 Qxf5 48. g4 Qf3+ 49. Kd3 Qd1+ 50. Bd2 Qxd2# 0-1

[Event "Challenge"]
[Site "http://www.queenalice.com/game.php?id=560284"]
[Date "2009.3.23"]
[Round "-"]
[White "Andre2000"]
[Black "allvaro"]
[Result "0-1"]
[WhiteElo "1478"]
[BlackElo "1588"]

1. Nf3 e6 2. d4 c5 3. Bg5 f6 4. Bh4 g5 5. Bg3 Nc6 6. Nc3 a6 7. Na4 b5 8. Nxc5 d6
9. Nb3 Nb4 10. Qd2 d5 11. c3 Nc6 12. Nc5 Bh6 13. e3 g4 14. Nh4 f5 15. f4 Nf6 16.
Bd3 O-O 17. h3 Qe7 18. hxg4 Nxg4 19. O-O-O Bg7 20. a4 Bf6 21. b4 bxa4 22. Nxa4
Qc7 23. Nf3 Nxb4 24. Rh5 Bd7 25. Nc5 Qa5 26. Qb2 Rfb8 27. Nxd7 Nxd3+ 28. Rxd3
Rxb2 29. Kxb2 Qb5+ 30. Kc2 Qa4+ 31. Kd2 Qa2+ 32. Ke1 Qxg2 33. Nd2 Qxg3+ 34. Kd1
a5 35. Nxf6+ Nxf6 36. Rh6 Qg7 37. Rh3 Ng4 38. Nf3 Nf2+ 39. Kc2 Nxh3 40. c4 dxc4
41. Rd1 Qg2+ 42. Kc3 Qxf3 43. Re1 Nxf4 44. Kxc4 Qc6+ 45. Kb3 Rb8+ 46. Ka3 Qc3+
47. Ka4 Qxe1 48. exf4 Qb4# 0-1

[Event "Challenge"]
[Site "http://www.queenalice.com/game.php?id=560285"]
[Date "2009.3.23"]
[Round "-"]
[White "Andre2000"]
[Black "rafajeff"]
[Result "0-1"]
[WhiteElo "1490"]
[BlackElo "1598"]

1. d4 d5 2. Qd3 g6 3. Nc3 Bf5 4. Qb5+ c6 5. Qxb7 Nd7 6. Bf4 Ngf6 7. Bc7 Qc8 8.
Qxc6 Bg7 9. Nxd5 O-O 10. Nxe7+ Kh8 11. Nxc8 Raxc8 12. O-O-O Be4 13. Qd6 Bf5 14.
Ba5 Ne8 15. Qd5 Be6 16. Qe4 Nef6 17. Qb7 Ra8 18. e3 Rfb8 19. Qc6 Bd5 20. Qd6 Bf8
21. Qf4 a6 22. b3 Nh5 23. Qc7 Rb7 24. Qc3 Nhf6 25. f3 Bd6 26. Bxa6 Rbb8 27. Bc4
Rb7 28. b4 Nb6 29. Bb5 Rc8 30. Qd3 Nc4 31. Bxc4 Bxc4 32. Qc3 Nd5 33. Qe1 Re8 34.
a3 Nxe3 35. Rd2 Bb5 36. Qh4 Be7 37. Qe4 Bg5 38. Qxb7 Nc4 39. Nh3 Bxd2+ 40. Kd1
Nd6 41. Qd5 Be2+ 42. Kxd2 Nc4+ 43. Kc3 Re3# 0-1

[Event "Challenge"]
[Site "http://www.queenalice.com/game.php?id=560286"]
[Date "2009.3.23"]
[Round "-"]
[White "Andre2000"]
[Black "rafajeff"]
[Result "0-1"]
[WhiteElo "1456"]
[BlackElo "1610"]

1. Nc3 e6 2. d4 c5 3. dxc5 Bxc5 4. Be3 Qa5 5. Bxc5 Qxc5 6. e3 Qb4 7. Rb1 Qb6 8.
Qg4 g6 9. Bd3 h5 10. Qa4 Qc6 11. f3 a6 12. Qf4 d6 13. Rd1 Qb6 14. Qc4 Bd7 15.
Qe4 Qxb2 16. Qc4 b5 17. Qc7 Nf6 18. Rb1 Qa3 19. Nh3 O-O 20. O-O Rc8 21. Qb7 Nc6
22. Rb3 Qc5 23. Kf2 Ra7 24. Ne4 Nxe4+ 25. Bxe4 Rxb7 26. Rb2 Qc3 27. Rfb1 b4 28.
Rb3 Qd2+ 29. Kg3 a5 30. a4 e5 31. Rf1 Bf5 32. Ng5 Kg7 33. Bxf5 gxf5 34. Nh3 Rh8
35. Ng5 f4+ 36. exf4 Qxf4+ 37. Kf2 Qxg5 38. Rd3 Qf5 39. Rxd6 Qxc2+ 40. Kg3 Rg8
41. Re1 Kh8+ 42. Kh4 Qf2+ 43. Kxh5 Qxe1 44. Rxc6 b3 45. Rh6+ Kg7 46. g4 Qh1 47.
h4 Rh8 48. g5 Qxf3# 0-1

[Event "Challenge"]
[Site "http://www.queenalice.com/game.php?id=560287"]
[Date "2009.3.23"]
[Round "-"]
[White "rafajeff"]
[Black "Andre2000"]
[Result "1-0"]
[WhiteElo "1582"]
[BlackElo "1503"]

1. e4 e5 2. Qh5 g6 3. Qxe5+ Qe7 4. Qxh8 Qxe4+ 5. Kd1 Ne7 6. f3 Qh4 7. g3 Qh5 8.
Be2 g5 9. f4 Qg6 10. h4 Qg7 11. Qxg7 Bxg7 12. hxg5 Kf8 13. Rxh7 Bd4 14. Bh5 Kg8
15. Rxf7 Nd5 16. Nf3 Bc5 17. Ne5 d6 18. Nd3 Be6 19. g6 Nc6 20. f5 Bxf7 21. gxf7+
Kg7 22. g4 Nf6 23. Nf4 Kh6 24. d3 Bd4 25. Ne6+ Kh7 26. Nxc7 Rc8 27. Ne6 Nd5 28.
c3 Be3 29. Na3 a6 30. Ke2 b5 31. Bxe3 Ne5 32. Rh1 Nxc3+ 33. bxc3 d5 34. Bg6# 1-0

[Event "Desempate"]
[Site "http://www.queenalice.com/game.php?id=569125"]
[Date "2009.4.9"]
[Round "-"]
[White "Luke1416"]
[Black "Andre2000"]
[Result "1-0"]
[WhiteElo "1529"]
[BlackElo "1446"]

1. e4 e5 2. Nf3 Nc6 3. h3 Nf6 4. d3 Nh5 5. a3 Bc5 6. b4 Bb6 7. c4 Bd4 8. Nxd4 g6
9. Nxc6 dxc6 10. Be2 Qd4 11. Ra2 Be6 12. Bb2 Qd6 13. Bc3 Nf4 14. Bf3 Nxd3+ 15.
Kf1 Bxc4 16. Rd2 Nb2+ 17. Kg1 Nxd1 18. Rxd6 Nxc3 19. Rd2 Nxb1 20. Rd1 O-O 21.
Rxb1 Rfd8 22. Kh2 Rd2 23. Rbc1 b5 24. a4 a6 25. axb5 axb5 26. Ra1 Raa2 27. Rxa2
Rxa2 28. Kg3 Rb2 29. Rd1 Be6 30. Bg4 Rb3+ 31. Kh4 f5 32. exf5 gxf5 33. Bf3 1-0